| 000 | 00900nam a22002653 4500 | ||
|---|---|---|---|
| 001 | 30239 | ||
| 003 | BD-RjUL | ||
| 005 | 20211209051532.0 | ||
| 008 | 140409s1960 nyua b 101 0 eng d | ||
| 035 | _a(BD-RjUL)30324 | ||
| 040 |
_aDLC _cDLC _beng _dBD-RjUL |
||
| 041 | _aeng | ||
| 082 | 0 | 4 |
_a152.2 _bPSY 1960 |
| 111 | 2 |
_aConference on Psychological Scaling _d(1958 : _cPrinceton, N.J.) [from old catalog] _991923 |
|
| 245 | 1 | 0 |
_aPsychological scaling: theory and applications : _breport of a conference / _cEdited by Harold Gulliksen and Samuel Messick. |
| 260 |
_aNew York : _bWiley; _c1960. |
||
| 300 |
_a211 p. : _bill.; _c24 cm. |
||
| 504 | _aIncludes bibliography. and Index | ||
| 650 | 0 |
_aPsychometrics _vCongresses. _991913 |
|
| 700 | 1 |
_aGulliksen, Harold, _eed. _991914 |
|
| 700 | 1 |
_aMessick, Samuel, _eed. _988754 |
|
| 942 |
_2ddc _cBK |
||
| 999 |
_c30239 _d30239 |
||